000 00786nas a2200253 4500
001 BR0303264
003 BR-BrBNA
005 20231205103913.0
007 ta
008 230509b bl.|||p| |||| 00| 00por d
040 _aBR-BrBNA
_bpor
_cBiblioteca Nacional de Agricultura
041 _a(Pt)
072 _aF60
100 1 _aFukushima, R.S.
100 1 _aHatfield, R.D.
245 1 _aEspectros de duas formas de lignina obtidos por ressonância magnética nuclear
650 _aALFAFA
650 _aEXPERIENCIA DE LABORATORIO
650 _aANÁLISE QUÍMICA
650 _aESPECTROMETRIA
773 0 _tPesquisa Agropecuária Brasileira (Brazil)
_xISSN 0100-204X
_g(Apr 2003), v. 38(4) p. 505-511
_wBR0303264
909 _a202311
_bLúcia
_c55
_dLúcia Elande
942 _2AGRIS
_n0
_cANA
999 _c175357
_d175357